000 00451cam a2200193ua 4500
001 4227
005 20260515113814.0
008 111221n ii |||gr||||Z||||||asm
040 _cMAIN
082 _a891.4513
100 1 _aSaikia, Sada,
245 1 1 _aAkuntha srekriti
_cBy Sada Saikia
250 _a1st.
260 _aBarpeta:
_bKamal store,966.
300 _a107p:
_c23cm.
653 _aAssamese novel
653 _aAkuntha srekriti
942 _cBK
999 _c4044
_d4044